|
|
|
|
| LEADER |
00000cam a2200000 a 4500 |
| 001 |
vtls011720844 |
| 003 |
SK-MaSNL |
| 005 |
20260331210602.0 |
| 008 |
171115s2017 xo a f j f000 0 slo |
| 013 |
|
|
|a 288513
|b xo
|c patent
|d 20171009
|e dátum sprístupnenia patentu
|
| 013 |
|
|
|a 15-2011
|e číslo prihlášky
|d 20110302
|e dátum podania prihlášky
|d 20121002
|e dátum zverejnenia prihlášky (Vestník ÚPV SR č.: 10/2012)
|
| 015 |
|
|
|a SNBN2017
|
| 040 |
|
|
|a SNK
|b slo
|c SNK
|e AACR2
|
| 041 |
0 |
|
|a slo
|
| 044 |
|
|
|a xo
|c SK
|
| 072 |
|
7 |
|a 621.39
|x Oznamovacia technika
|2 konspekt
|
| 072 |
|
7 |
|a 621.3
|x Elektrotechnika
|2 konspekt
|
| 080 |
|
|
|a 621.372.8:681.7.068
|2 2001
|
| 080 |
|
|
|a 621.391.6:681.7.068
|2 2001
|
| 080 |
|
|
|a 621.372.8:535.8
|2 2001
|
| 084 |
|
|
|a G02B 6/00
|2 IPC
|
| 084 |
|
|
|a G02F 1/00
|2 IPC
|
| 100 |
1 |
|
|a Martinček, Ivan
|4 org
|9 316388
|
| 245 |
1 |
0 |
|a Laditeľný optický atenuátor vytvorený na základe opticého vlákna s kvapalným jadrom a metóda jeho ladenia
|c Ivan Martinček, Dušan Pudiš
|
| 260 |
|
|
|a [Banská Bystrica]
|b Úrad priemyselného vlastníctva SR
|c [2017]
|
| 300 |
|
|
|a 5 s.
|b obr.
|c 30 cm
|
| 650 |
0 |
7 |
|a integrovaná optika
|2 SNKPH
|9 69355
|
| 650 |
0 |
7 |
|a optické komunikačné systémy
|2 SNKPH
|9 69353
|
| 650 |
0 |
7 |
|a Integrated optics
|2 SNKPHeng
|9 758996
|
| 650 |
0 |
7 |
|a Optical communications
|2 SNKPHeng
|9 338296
|
| 650 |
0 |
7 |
|a optické vlnovody
|2 SNKPH
|9 69241
|
| 650 |
0 |
7 |
|a Optical waveguides
|2 SNKPHeng
|9 758997
|
| 655 |
|
7 |
|a patenty
|2 SNKPH
|9 177343
|
| 655 |
|
7 |
|a patent licenses
|2 SNKPHeng
|9 303430
|
| 700 |
1 |
|
|a Pudiš, Dušan,
|d 1974-
|4 org
|9 336310
|
| 710 |
2 |
|
|a Žilinská univerzita v Žiline
|4 pth
|9 165741
|
| 852 |
|
|
|a Štátna vedecká knižnica v Banskej Bystrici
|
| 999 |
|
|
|c 1198764
|d 1200694
|
| 952 |
|
|
|a SNK
|b SNK
|y PREZ
|7 0
|p 17A1274613
|o snkSK 288513
|i snk2017/26388
|8 0
|0 0
|1 0
|4 0
|d 2017-11-29
|l 0
|r 2026-02-24 22:34:36
|w 2026-02-24
|